The housemaid / (Record no. 4439)
| 000 -LEADER | |
|---|---|
| fixed length control field | 00995cam a2200277 i 4500 |
| 001 - CONTROL NUMBER | |
| control field | 22729992 |
| 003 - CONTROL NUMBER IDENTIFIER | |
| control field | OSt |
| 005 - DATE AND TIME OF LATEST TRANSACTION | |
| control field | 20251106155903.0 |
| 008 - FIXED-LENGTH DATA ELEMENTS--GENERAL INFORMATION | |
| fixed length control field | 220730s2022 nyu 000 1 eng |
| 010 ## - LIBRARY OF CONGRESS CONTROL NUMBER | |
| LC control number | 2022943661 |
| 020 ## - INTERNATIONAL STANDARD BOOK NUMBER | |
| International Standard Book Number | 9781538742570 |
| Qualifying information | (trade paperback) |
| 020 ## - INTERNATIONAL STANDARD BOOK NUMBER | |
| Cancelled/invalid ISBN | 9781538768549 |
| Qualifying information | (large print paperback) |
| 035 ## - SYSTEM CONTROL NUMBER | |
| System control number | 22729992 |
| 040 ## - CATALOGING SOURCE | |
| Original cataloging agency | DLC |
| Language of cataloging | eng |
| Description conventions | rda |
| Transcribing agency | DLC |
| 042 ## - AUTHENTICATION CODE | |
| Authentication code | pcc |
| 050 00 - LIBRARY OF CONGRESS CALL NUMBER | |
| Classification number | PS3613.M34 2022 |
| 082 00 - DEWEY DECIMAL CLASSIFICATION NUMBER | |
| Classification number | 813/.6 |
| Edition number | 23/eng/20230601 |
| 100 1# - MAIN ENTRY--PERSONAL NAME | |
| Personal name | McFadden, Freida, |
| Relator term | author. |
| 245 14 - TITLE STATEMENT | |
| Title | The housemaid / |
| Statement of responsibility, etc | Freida McFadden. |
| 250 ## - EDITION STATEMENT | |
| Edition statement | First Grand Central Publishing edition. |
| 300 ## - PHYSICAL DESCRIPTION | |
| Extent | 325 pages ; |
| Dimensions | 21 cm |
| 655 #7 - INDEX TERM--GENRE/FORM | |
| Genre/form data or focus term | Novels. |
| Source of term | lcgft |
| 906 ## - LOCAL DATA ELEMENT F, LDF (RLIN) | |
| a | 7 |
| b | cbc |
| c | orignew |
| d | 2 |
| e | epcn |
| f | 20 |
| g | y-gencatlg |
| 942 ## - ADDED ENTRY ELEMENTS (KOHA) | |
| Source of classification or shelving scheme | |
| Koha item type | Fiction and Non- Fiction novels |
| Withdrawn status | Lost status | Source of classification or shelving scheme | Damaged status | Not for loan | Home library | Current library | Shelving location | Date acquired | Total Checkouts | Full call number | Barcode | Date last seen | Price effective from | Koha item type |
|---|---|---|---|---|---|---|---|---|---|---|---|---|---|---|
| Riara University Library | Riara University Library | Leisure Reading | 06/11/2025 | PS3613.M34 2022 | 10827/25 | 06/11/2025 | 06/11/2025 | Fiction and Non- Fiction novels |
